Best Animated Movies from the 2000s era - Statistics

General Stats
  • This quiz has been taken 44 times
  • The average score is 8 of 25
Answer Stats
Release Date Movie % Correct
2001 Shrek
86%
2004 The Incredibles
69%
2003 Finding Nemo
60%
2010 Toy Story 3
60%
2006 Cars
55%
2009 Up
50%
2001 Monsters, Inc
45%
2002 Ice Age
38%
2010 Tangled
38%
2010 How to Train Your Dragon
36%
2012 Brave
31%
2005 Madagascar
31%
2010 Despicable Me
26%
2008 Kung Fu Panda
26%
2008 Bolt
19%
2010 Megamind
17%
2001 Spirited Away
17%
2006 Open Season
14%
2004 Shark Tale
14%
2009 Cloudy with a Chance of Meatballs
12%
2006 Happy Feet
12%
2007 Bee Movie
10%
2011 Kung Fu Panda 2
7%
2011 Rango
7%
2011 The Adventures of Tintin
5%
No matching quizzes found
Score Distribution
Percent of People with Each Score
Percentile by Number Answered
Your Score History
You have not taken this quiz